Chansons de l'album "La finale iconique" - Star Academy 2022 - Statistiques

Statistiques générales
  • Ce quiz a été pris 38 fois
  • Le résultat moyen est 5 sur 8
Statistiques - réponses
Track n° Interprète Réponses % Correct
2 Enola Hoshi
94%
3 Léa Vitaa
90%
1 Louis Slimane
81%
2 Enola Bonjour, je me présente
68%
4 Anisha Camélia Jordana
55%
4 Anisha De là-haut
55%
3 Léa Plus fort
55%
1 Louis Même pas mal
52%
Aucun quiz correspondant
Distribution des résultats
% des personnes avec chaque résultat
Percentile par nombre de réponses
Votre historique - résultats
Vous n’avez pas pris ce quiz